Tài liệu bồi dưỡng giáo viện Giáo dục công dân

Trình bày chuyên đề luật thương mại, pháp luật bảo vệ môi trường và pháp luật lao động.

সংরক্ষণ করুন:
গ্রন্থ-পঞ্জীর বিবরন
বিন্যাস: গ্রন্থ
ভাষা:Undetermined
প্রকাশিত: Cần Thơ Nxb. Đại học Cần Thơ 2015
বিষয়গুলি:
ট্যাগগুলো: ট্যাগ যুক্ত করুন
কোনো ট্যাগ নেই, প্রথমজন হিসাবে ট্যাগ করুন!
Thư viện lưu trữ: Trung tâm Học liệu Trường Đại học Cần Thơ
LEADER 00821nam a2200193Ia 4500
001 CTU_229676
008 210402s9999 xx 000 0 und d
082 |a 370.115 
082 |b T103/T.3 
245 0 |a Tài liệu bồi dưỡng giáo viện Giáo dục công dân 
245 0 |c Diệp Thành Nguyên, Nguyễn Mai Hân, Võ Hoàng Yến (Biên soạn) 
260 |a Cần Thơ 
260 |b Nxb. Đại học Cần Thơ 
260 |c 2015 
520 |a Trình bày chuyên đề luật thương mại, pháp luật bảo vệ môi trường và pháp luật lao động. 
650 |a Giáo dục đạo đức,Moral education 
650 |x Dạy và học,Study and teaching 
910 |b nthai 
980 |a Trung tâm Học liệu Trường Đại học Cần Thơ